Statistics for Countries with the Highest Population Growth

Click here to take the quiz!

General Stats

  • This quiz has been taken 249 times
  • The average score is 17 of 30

Answer Stats

# Rate % Country % Correct
23.64Niger
90%
262.46Kenya
78%
212.61Democratic Republic of the Congo
77%
112.84Republic of the Congo
76%
33.58Uganda
75%
63.19Ethiopia
75%
222.61Mali
73%
242.48Sudan
72%
192.65Guinea
65%
132.79Rwanda
64%
152.76Togo
61%
142.76Malawi
59%
272.44Mozambique
59%
232.56Senegal
59%
83.08Zambia
58%
102.91Benin
57%
14.31Zimbabwe
56%
252.47Eritrea
55%
92.97Madagascar
55%
172.66Liberia
54%
292.40Gambia
54%
43.46Burundi
53%
73.09Burkina Faso
50%
282.40Iraq
45%
302.38Afghanistan
41%
202.64Equatorial Guinea
40%
182.65Yemen
38%
53.28United Arab Emirates
31%
162.70Comoros
30%
122.81Bahrain
23%

Score Distribution

Percentile by Number Answered

Percent of People with Each Score

Your Score History

You have not taken this quiz